Ngày cuối trong đời Socrates

Tên sách tiếng Anh: The last days of Socrates; Bao gồm bốn cuộc đối thoại của triết gia Socrates nhằm tự biện giải cho chính mình, đưa ra những chân lý cũng như những lời phản biện sâu sắc chống lại những kẻ âm mưu đẩy ông vào khốn cùng khi ô...

Πλήρης περιγραφή

Αποθηκεύτηκε σε:
Λεπτομέρειες βιβλιογραφικής εγγραφής
Κύριος συγγραφέας: Plato
Άλλοι συγγραφείς: Đỗ, Khánh Hoan
Μορφή: Βιβλίο
Γλώσσα:Undetermined
Έκδοση: H. Thế giới 2018
Θέματα:
Διαθέσιμο Online:http://lrc.tdmu.edu.vn/opac/search/detail.asp?aID=2&ID=33110
Ετικέτες: Προσθήκη ετικέτας
Δεν υπάρχουν, Καταχωρήστε ετικέτα πρώτοι!
Thư viện lưu trữ: Trung tâm Học liệu Trường Đại học Thủ Dầu Một
LEADER 01322nam a2200217Ia 4500
001 TDMU_33110
008 210410s9999 xx 000 0 und d
082 |a 530.1 
090 |b PL110 
100 |a Plato 
245 0 |a Ngày cuối trong đời Socrates 
245 0 |c Plato; Đỗ Khánh Hoan dịch 
260 |a H. 
260 |b Thế giới 
260 |c 2018 
300 |a 337tr. 
520 |a Tên sách tiếng Anh: The last days of Socrates; Bao gồm bốn cuộc đối thoại của triết gia Socrates nhằm tự biện giải cho chính mình, đưa ra những chân lý cũng như những lời phản biện sâu sắc chống lại những kẻ âm mưu đẩy ông vào khốn cùng khi ông bị bồi thẩm đoàn của hội đồng thành quốc kết tội hủ hoá thanh niên và coi thường thần linh được kể bởi học trò của ông - triết gia Plato 
650 |a Socrates  |x Nhà chính trị  |x Cuộc đời và sự nghiệp  |z Hy Lạp; Chính trị học; Triết học Hy Lạp 
700 |a Đỗ, Khánh Hoan 
856 |u http://lrc.tdmu.edu.vn/opac/search/detail.asp?aID=2&ID=33110 
980 |a Trung tâm Học liệu Trường Đại học Thủ Dầu Một